|
|
|
|
| LEADER |
00000cam a2200000 7i4500 |
| 001 |
0000052865 |
| 005 |
20220105104158.0 |
| 008 |
151008 |
| 020 |
|
|
|a 9679275981
|
| 090 |
0 |
0 |
|a PR
|b MAL
|
| 245 |
0 |
0 |
|a Anjing dengan bayang-bayang
|
| 260 |
|
|
|a Kuala Lumpur :
|b Penerbitan Fargoes ,
|c 1994
|
| 490 |
1 |
|
|a Siri cerita moral KBSR (kedua)
|
| 500 |
|
|
|a Children age 4-6 years old (yellow)
|
| 650 |
|
0 |
|a Children's stories, Malay
|
| 999 |
|
|
|a 0000778506
|b Book
|c Children Collection
|e Cawangan Pontian
|
| 999 |
|
|
|a 0000778507
|b Book
|c Children Collection
|e Cawangan Pontian
|
| 999 |
|
|
|a 0000778508
|b Book
|c Children Collection
|e Cawangan Pontian
|
| 999 |
|
|
|a 0000778509
|b Book
|c Children Collection
|e Cawangan Pontian
|
| 999 |
|
|
|a 0000778510
|b Book
|c Children Collection
|e Cawangan Pontian
|
| 999 |
|
|
|a 0000792344
|b Book
|c Children Collection
|e Cawangan Segamat
|
| 999 |
|
|
|a 0000792347
|b Book
|c Children Collection
|e Cawangan Segamat
|
| 999 |
|
|
|a 0000792348
|b Book
|c Children Collection
|e Cawangan Segamat
|